Les principaux types de thé - Statistiques

Statistiques générales
  • Ce quiz a été pris 23 fois
    16 depuis la dernière actualisation
  • Le résultat moyen est 4 sur 6
Statistiques - réponses
Principaux pays producteurs Indice Thé (ou infusion) % Correct
Chine ; Inde Thé préféré des Anglais. Yunnan / Darjeeling / Earl Grey Thé noir
100%
Japon ; Chine Thé le plus consommé au monde. Long Jing / Ariake Thé vert
100%
Chine ; Sri Lanka Thé quasiment sans transformation par rapport à la feuille du théier. Bai Mu Dan Thé blanc
73%
Brésil ; Paraguay Infusion énergisante bue dans une Calebasse Maté
47%
Afrique du Sud Infusion rougeâtre appelée à tort "thé rouge" Rooibos
33%
Taiwan ; Chine Thé à oxydation incomplète. Bao Zhong Thé Oolong
7%
Aucun quiz correspondant
Distribution des résultats
% des personnes avec chaque résultat
Percentile par nombre de réponses
Votre historique - résultats
Vous n’avez pas pris ce quiz depuis la dernière actualisation